Click the City by Premier League Team - Statistics

General Stats
  • This quiz has been taken 74 times
  • The average score is 17 of 20
Answer Stats
Hint Answer % Correct
Bournemouth Bournemouth
97%
Leeds United Leeds
95%
Leicester City Leicester
95%
Arsenal London
95%
Chelsea London
93%
Manchester City Manchester
93%
Manchester United Manchester
93%
Newcastle United Newcastle upon Tyne
93%
Liverpool Liverpool
92%
Southampton Southampton
92%
Tottenham Hotspur London
88%
Wolverhampton Wanderers Wolverhampton
88%
Fulham London
85%
Crystal Palace London
82%
West Ham United London
82%
Aston Villa Birmingham
78%
Everton Liverpool
78%
Brentford London
63%
Nottingham Forest West Bridgford
57%
Brighton & Hove Albion Falmer
48%
No matching quizzes found
Score Distribution
Percent of People with Each Score
Percentile by Number Answered
Your Score History
You have not taken this quiz